| Tag |
First Indicator |
Second Indicator |
Subfields |
| LEADER |
00000cam a2200000 i 4500 |
| 001 |
in00000038412 |
| 005 |
20151007081027.0 |
| 008 |
120420s1978 enka b 00110 eng |
| 010 |
|
|
|a 79314137
|
| 015 |
|
|
|a GB***
|
| 020 |
|
|
|a 0571104983 :
|c 15.00
|
| 035 |
|
|
|a (OCoLC)05265354
|
| 035 |
|
|
|9 AAF5764AM
|
| 040 |
|
|
|a DLC
|c DLC
|d TXA
|d UtOrBLW
|
| 043 |
|
|
|a e-uk-en
|
| 049 |
|
|
|a TXAM
|c [1558650]
|
| 050 |
0 |
0 |
|a NK7143
|b .O52
|
| 082 |
0 |
|
|a 739.2/3/742
|
| 100 |
1 |
|
|a Oman, Charles,
|d 1901-1982.
|
| 245 |
1 |
0 |
|a English engraved silver, 1150 to 1900 /
|c Charles Oman.
|
| 264 |
|
1 |
|a London ;
|a Boston :
|b Faber & Faber,
|c 1978.
|
| 300 |
|
|
|a 158 pages :
|b illustrations ;
|c 26 cm.
|
| 336 |
|
|
|a text
|b txt
|2 rdacontent
|
| 337 |
|
|
|a unmediated
|b n
|2 rdamedia
|
| 338 |
|
|
|a volume
|b nc
|2 rdacarrier
|
| 500 |
|
|
|a Includes index.
|
| 504 |
|
|
|a Bibliography: page 154.
|
| 650 |
|
0 |
|a Silverwork
|z England.
|
| 650 |
|
0 |
|a Engraving (Metal-work)
|z England.
|
| 999 |
|
|
|a MARS
|
| 999 |
f |
f |
|s 2cf25780-bc6a-3efa-86f6-4638426ff515
|i 6dbbba8a-ccf3-3205-b5a9-2093568e24ec
|t 0
|
| 952 |
f |
f |
|p normal
|a Texas A&M University
|b College Station
|c Sterling C. Evans Library
|d Evans: Library Stacks
|t 0
|e NK7143 .O52
|h Library of Congress classification
|i unmediated -- volume
|m A14803510051
|
| 998 |
f |
f |
|a NK7143 .O52
|t 0
|l Evans: Library Stacks
|